000
00298nam a22001337a 4500
008
171023b xxu||||| |||| 00| 0 eng d
020
_a
0582290341
041
_a
eng
080
_a
311
100
_a
55
101
_a
STA
245
_a
STATISTICS FOR SOCIAL WORKERS
_c
WEINBACH,R.W
942
_2
udc
_c
BK
999
_c
35486
_d
35486